Dame - Antarktis (lyrics) - Statistiken

Allgemein
  • Dieses Quiz wurde 10 mal gespielt
  • Das Durchschnittsergebnis liegt bei 187 aus 289
Antwortstatistiken
Antwort % Korrekt
Aha, aha
100%
das
100%
den
100%
der
100%
die
100%
Du
100%
du
100%
er
100%
Er
100%
Es
100%
es
100%
ich
100%
Ich
100%
Und
100%
und
100%
an
86%
Antarktis
86%
Antarktis,
86%
ein
86%
Ein
86%
mit
86%
Wie
86%
wie
86%
zu
86%
auf
71%
dem
71%
Denn
71%
dich
71%
Doch
71%
doch
71%
in
71%
In
71%
ist
71%
mir
71%
nicht,
71%
nicht
71%
sein
71%
Von
71%
was
71%
Was
71%
Wer
71%
"Wo
71%
wo
71%
Wo
71%
ahnst
57%
alles
57%
aus
57%
Bei
57%
fest
57%
gern'
57%
gut
57%
hin?"
57%
ihn,
57%
ihn
57%
im
57%
Jahre
57%
lädt
57%
lässt?
57%
lässt
57%
Luft
57%
Mensch
57%
Mensch,
57%
mich
57%
mich,
57%
noch
57%
sehr
57%
seine
57%
Seit
57%
selbst
57%
so
57%
steck'
57%
steckt
57%
Tag
57%
verzagen
57%
vor
57%
vor,
57%
Warum
57%
Welt
57%
X
57%
atmen
43%
Clown
43%
echt
43%
falsch
43%
Fassade
43%
fragen
43%
führen
43%
gelaunt
43%
glaubst,
43%
hinter
43%
ihm
43%
kaum
43%
kennst
43%
kommt
43%
Lächeln,
43%
Man
43%
Mann,
43%
meistens
43%
nur
43%
oft
43%
Partys
43%
schaff'
43%
schafft
43%
selber
43%
sich
43%
Spiegel
43%
spielt
43%
steht?
43%
wäre
43%
zerbrechlicher
43%
Abend
29%
Betten
29%
erschlagen
29%
ertragen
29%
finde
29%
fremden
29%
fühl'
29%
gerne
29%
Halte
29%
Hör
29%
jeden
29%
kämpft
29%
letzten
29%
Lippen
29%
loslassen
29%
schlaf'
29%
schlimm
29%
Stille
29%
Tagen
29%
trägt
29%
verletzlicher
29%
wagen
29%
Wahrheit
29%
Wein
29%
Weshalb
29%
würd'
29%
Würd'
29%
Fugen?
14%
gerät
14%
halb
14%
niemals
14%
schlechten
14%
Schritt
14%
Strohhalmen
14%
vermuten
14%
würde
14%
Keine übereinstimmenden Quizze gefunden
Verteilung der Resultate
Anzahl Personen mit jedem Resultat
Perzentil nach korrekt beantworteten Fragen
Ihre Resultats-Entwicklung
Sie haben dieses Quiz noch nicht gespielt